000 00365nam a22001577a 4500
999 _c207846
_d207846
005 20210923115912.0
022 _a0018-6813
050 _aK1.H7
245 _aHoward law journal
260 _aWashington, DC
310 _aThree times per year
362 _aVol.62, No.3, 2019
520 _aIt provides legal articles
650 _2Law
_vLegal
942 _cSERIAL